| 000 | 00620nam a22002057a 4500 | ||
|---|---|---|---|
| 003 | OSt | ||
| 005 | 20140310181803.0 | ||
| 008 | 130704t xxu||||| |||| 00| 0 eng d | ||
| 020 | _a0877799172 | ||
| 050 |
_aPC 2640 _b.Ox98 2006 |
||
| 082 |
_bREF 443 _aOx2 2006 |
||
| 245 | _aOxford learner's French dictionary / | ||
| 260 |
_aNew York : _bOxford University Press, _cc2006. |
||
| 300 |
_aviii, 695 p. ; _c20 cm. |
||
| 520 | _a1. French language--Dictionaries--English. 2. English language--Dictionaries--French. | ||
| 521 | _aBasic Ed. Students | ||
| 541 |
_g15090 _j1 |
||
| 562 | _e1 | ||
| 942 |
_2lcc _cBK-GR _kREF |
||
| 999 |
_c3693 _d3693 |
||